000 02095 a2200181 4500
001 54281
005 20260407155814.0
008 260407a1950 arg spa d
003 AR-UNSa-BCEJYS
040 _aAR-UNSa-BCEJYS
_bspa
_cAR-UNSa-BCEJYS
080 _a336.741.2
_xNaturaleza de la moneda. Teoría general del dinero
245 1 0 _aEl dinero, la renta y la política monetaria
264 1 _aBarcelona :
_bBosch
_c1950
505 _a1. Visión previa: el dinero en el sistema económico – 2. La oferta de dinero – 3. Cambios en la oferta monetaria – 4. Las cuentas de capital y la estructura social del sistema bancario – 5. Regulación pública y solvencia bancaria – 6. Los activos rentables de los bancos comerciales: coeficientes de préstamos – 7. Los activos rentables de los bancos comerciales: variación de los coeficientes de préstamos y monetario – 8. Los activos rentables de los bancos comerciales: coeficiente de respuesta – 9. Los activos rentables de los bancos comerciales: control de los coeficientes de respuesta – 10. Las reservas de los bancos comerciales – 11. El tesoro y la oferta de dinero – 12. Los valores, los mercados de valores y las cotizaciones – 13. La determinación de los tipos de interés y de la cotización de los valores I – 14. La determinación de los tipos de interés y de la cotización de los valores II – 15. La corriente de gastos monetarios. La renta nacional monetaria – 16. La inestabilidad monetaria – 17. Fines de la política monetaria – 18. Políticas monetarias en los Estados Unidos: 1914-40 – 19. Políticas monetarias en los Estados Unidos: 1914-49 – 20. La renta nacional y el comercio internacional – 21. Los tipos de cambio y los mercados – 22. La regulación de los cambios exteriores – 23. Episodios de las relaciones monetarias internacionales antes de la segunda guerra mundial – 24. Las relaciones monetarias internacionales desde 1940 – 25. La perspectiva de la política monetaria
942 _cBK
590 _aniveau_biblio:m niveau_hierar:0
100 1 _aShaw, Edward S.
999 _c5450
_d5450